| 000 | 00583nam a2200253Ia 4500 | ||
|---|---|---|---|
| 008 | 210210b1952 xxu||||| |||| 00| 0 eng d | ||
| 041 | _aeng | ||
| 082 | _a828/631 | ||
| 100 | _aTENDULKAR (D G) | ||
| 245 | _aMahatma- life of Mohandas Karamchand Gandhi Vol IV (1934-1938) | ||
| 260 |
_aBombay _bNot Mentioned _c1952 |
||
| 440 | _aIV | ||
| 650 | _aVol | ||
| 650 | _aof | ||
| 650 | _aMohandas | ||
| 650 | _aMahatma- | ||
| 650 | _alife | ||
| 650 | _aKaramchand | ||
| 650 | _aIV | ||
| 650 | _aGandhi | ||
| 650 | _a(1934-1938) | ||
| 690 | _aBiography | ||
| 906 | _a016476 | ||
| 999 |
_c136007 _d136007 |
||